LIBRARY ONLINE CATALOGUE

Invitation to theology / (Record no. 21702)

MARC details
000 -LEADER
fixed length control field 01371cam a22003614a 4500
001 - CONTROL NUMBER
control field 12185443
003 - CONTROL NUMBER IDENTIFIER
control field OSt
005 - DATE AND TIME OF LATEST TRANSACTION
control field 20260617100609.0
008 - FIXED-LENGTH DATA ELEMENTS--GENERAL INFORMATION
fixed length control field 000926s2001 ilu b 001 0 eng
010 ## - LIBRARY OF CONGRESS CONTROL NUMBER
LC control number 00047169
020 ## - INTERNATIONAL STANDARD BOOK NUMBER
International Standard Book Number 0830815627
Qualifying information alk. paper
020 ## - INTERNATIONAL STANDARD BOOK NUMBER
International Standard Book Number 9780830815623
Qualifying information (alk. paper)
035 ## - SYSTEM CONTROL NUMBER
System control number 12185443
040 ## - CATALOGING SOURCE
Original cataloging agency DLC
Transcribing agency DLC
Modifying agency DLC
042 ## - AUTHENTICATION CODE
Authentication code pcc
050 00 - LIBRARY OF CONGRESS CALL NUMBER
Classification number BT77.3
Item number .J56 2001
082 00 - DEWEY DECIMAL CLASSIFICATION NUMBER
Classification number 230/.071
Edition number 21
100 1# - MAIN ENTRY--PERSONAL NAME
Personal name Jinkins, Michael,
Dates associated with a name 1953-
245 10 - TITLE STATEMENT
Title Invitation to theology /
Statement of responsibility, etc. Michael Jinkins ; foreword by Alan Torrance.
246 1# - VARYING FORM OF TITLE
Display text Other title information from cover
Title proper/short title Guide to study, conversation & practice
260 ## - PUBLICATION, DISTRIBUTION, ETC. (IMPRINT)
Place of publication, distribution, etc. Downers Grove, Ill. :
Name of publisher, distributor, etc. InterVarsity Press,
Date of publication, distribution, etc. c2001.
300 ## - PHYSICAL DESCRIPTION
Extent 278 p. ;
Dimensions 23 cm.
336 ## - CONTENT TYPE
Content type term text
Content type code txt
Source rdacontent
337 ## - MEDIA TYPE
Media type term unmediated
Media type code n
Source rdamedia
338 ## - CARRIER TYPE
Carrier type term volume
Carrier type code nc
Source rdacarrier
504 ## - BIBLIOGRAPHY, ETC. NOTE
Bibliography, etc Includes bibliographical references (p. [261]-270) and indexes.
583 ## - ACTION NOTE
Action Cataloguing:
Time/date of action 20260617
Action agent gtanuigtanui
650 #0 - SUBJECT ADDED ENTRY--TOPICAL TERM
Topical term or geographic name as entry element Theology, Doctrinal
General subdivision Study and teaching.
906 ## - LOCAL DATA ELEMENT F, LDF (RLIN)
a 7
b cbc
c orignew
d 1
e ocip
f 20
g y-gencatlg
942 ## - ADDED ENTRY ELEMENTS (KOHA)
Source of classification or shelving scheme Library of Congress Classification
Koha item type General Collection
Holdings
Withdrawn status Lost status Source of classification or shelving scheme Not for loan Home library Current library Shelving location Date acquired Source of acquisition Inventory number Total Checkouts Full call number Barcode Date last seen Copy number Price effective from Koha item type
    Library of Congress Classification   Kabarak, Main Campus Kabarak, Main Campus General Stacks 17/06/2026 Donation 2026/4070   BT77.3 .J56 2001 C.1 38076 17/06/2026 C.1 17/06/2026 General Collection